000 01485nam a2200241Ia 4500
008 0000002007 sp ad 0000000000mul00
090 _aPSP00 P27p
245 1 0 _aPerejaume
_b: los horizontes y las cinturas
_c/ traducciones Reyes Sisternas, Josephine Watson ; fotografías Martín García Pérez, Martí Gasull
300 _a43 p.
_c/ 28 cm.
500 _aExposición realizada en Galería Soledad Lorenzo, Madrid, abril 11 mayo 16, 2007 \ Incluye cronología del artista \ Texto en español, catalán e inglés \ Pere Jaume Borrell i Guinart nombre real del artista Perejaume \ Proyecto Ganador Programa Apoyos Concertados FGAA 2010
501 _aLos horizontes y las cinturas : contrapaso : Perejaume = Els horitzons i les cintures : contrap...s : Perejaume = Horizons and waistlines : contrapas : Perejaume
505 _aOBRAS : Ball de muntanyes Teló de muntanyes Plecs Les muntanyes Faldilles L'alcaria i la fondária Ram a la cota 1600 Muntanyes Els horitzons i les cintures Pantalla
600 0 0 _aPEREJAUME, 1957/
_xTRABAJOS PICTORICOS
650 1 4 _aARTE CONTEMPORANEO ESPAÑOL
650 1 4 _aARTISTAS PLASTICOS ESPAÑOLES EXPOSIONES
650 1 4 _xCATALOGOS
650 1 4 _aDIBUJOS ESPAÑOLES
650 1 4 _xEXPOSICIONES
650 1 4 _aPINTORES ESPAÑOLES
650 1 4 _aPINTURA ESPAÑOLA
700 1 _aSisternas, Reyes \ Watson, Josephine \ García Pérez, Martín \ Gasull, Marti
999 _c11956
_d11956
260 _aMadrid : Galería Soledad Lorenzo
_c2007